000
00210nam a22000857a 4500
008
170614b xxu||||| |||| 00| 0 eng d
100
_9
3414
_a
Gupta. A. D
245
_a
Math steps - 4
260
_a
New Delhi
_b
Patra
_c
2010
999
_c
6776
_d
6776